000 00532nam a22001577a 4500
003 OSt
005 20151001142815.0
008 151001b xxu||||| |||| 00| 0 eng d
040 _cRUA
082 _aAGR SAP 2002 B062 Or.1
100 _91685
_aSAPHON, SOKHEMAREY.
245 _aeFFET D'AZOTE DE 46% DE L'UREE, DE COMPOST, DE 15-15-15 ET DE DAP SUR LE RENDEMENT DU HARICOT COMMU A` LA STATION EXPERIMENTALE DE L'UNIVERSITE ROYALE D'AGRICULTURE.
260 _aphnom phen
_bRUA
_c2002
300 _a44p.
_bill.
_c29cm.
942 _2ddc
_cAGR
999 _c1587
_d1587